[Event "8th RTU Open 2018"]
[Site "Riga"]
[Date "2018.08.12"]
[Round "9"]
[White "Ter Sahakyan, Samvel"]
[Black "Jackson, James P"]
[Result "*"]
[WhiteElo "2551"]
[BlackElo "2380"]
[Annotator "TA"]
[PlyCount "182"]
[EventDate "2018.08.06"]
[EventType "swiss"]
[EventCountry "LAT"]
[SourceTitle "playchess.com"]
[Source "ChessBase"]
[SourceQuality "1"]

{[%evp 41,182,23,12,20,18,25,13,16,12,11,16,0,0,0,12,3,86,0,0,0,0,-39,-38,-45,-25,-25,0,0,0,0,0,0,0,-7,-12,-6,52,45,48,65,236,216,204,85,134,52,231,224,268,241,303,240,375,366,753,307,247,240,240,240,240,239,237,237,237,237,237,237,230,219,205,197,319,315,11524,1755,1543,1329,1112,1058,717,478,454,462,447,425,1006,978,714,677,660,657,548,393,386,386,386,386,386,386,386,379,379,375,379,337,326,292,270,270,270,270,270,270,263,263,263,263,263,263,263,263,263,263,263,263,263,263,263,263,263,263,263,263,263,263,263,263,263,263,263,263,251]} 1. e4 e5 2. Nf3 Nc6 3. Bb5 a6 4. Ba4 Nf6 5. O-O Be7 6. Re1 b5 7. Bb3 d6 8. c3 O-O 9. h3 Nb8 10. d4 Nbd7 11. Nbd2 {[%cal Bb1d2,Bd2f1,Bf1g3][%mdl 32]} Bb7 12. Bc2 Re8 13. Nf1 Bf8 14. Ng3 g6 15. a4 c5 16. d5 c4 17. Bg5 Nc5 {C95: Closed Ruy Lopez: Breyer Variation with 10 d4} 18. Qd2 Be7 19. Bh6 Nfd7 20. Nh2 Nxa4 21. Bxa4 bxa4 {LiveBook: 14 Games} 22. Rxa4 a5 23. Ng4 Ba6 24. Be3 Bf8 25. Nh6+ Bxh6 $1 26. Bxh6 {[#]} Nc5 $146 27. Ra2 Nd3 28. Rf1 Rb8 (28... Bb5 $11 {remains equal.}) 29. Kh2 (29. Qe3 $16) 29... Rb7 $11 30. Qe3 Bb5 $1 ({Don't blunder} 30... Rxb2 $2 31. Rxb2 Nxb2 32. Nh5 $1 $18 {[%mdl 512]}) ({But not} 30... Nxb2 $6 31. Rfa1 $16) 31. Ne2 f6 32. Qg3 Kh8 33. Be3 Bd7 34. f4 Rf8 35. fxe5 dxe5 36. Nc1 Nxb2 37. Qf2 Na4 $1 {[%cal Ra4c3]} 38. Qe1 (38. Ne2 {with more complications.} Kg8 39. Rfa1 Qe8 40. Qh4 Rb3 41. Qe1) 38... Rb2 (38... Rb8 $11) 39. Rxb2 $14 Nxb2 40. Qe2 $36 {[%mdl 2048] White has the initiative.} Qb8 $2 (40... Na4 $1 $14) 41. Rf2 $18 Na4 42. Qxc4 (42. Bh6 $1 $18) 42... Qc8 43. Qxc8 (43. Qb3 $1 $16) 43... Bxc8 $2 {[#]} ({Black should try} 43... Rxc8 $14 44. Rxf6 Nxc3) 44. Rc2 $1 f5 45. c4 {[%cal Bc3c4,Bc4c5,Bc5c6][%mdl 32]} fxe4 46. c5 Ba6 (46... Rd8 $142 47. d6 Kg7) 47. c6 Bd3 $2 (47... Rd8 48. Rd2 Bb5) 48. d6 (48. Nxd3 $142 exd3 49. Rc1) 48... Bxc2 49. d7 {Strongly threatening c7.} Nb6 50. Bxb6 {[%mdl 4096] Endgame KRB-KBN} Ba4 51. d8=Q Rxd8 52. Bxd8 Bxc6 53. Bxa5 Kg7 54. Kg3 Kf6 55. Bb6 g5 56. Be3 h5 (56... Kf5 $142 57. Ne2 h5) 57. h4 gxh4+ $2 (57... g4 58. Ne2 Ke6) 58. Kxh4 Kg6 59. Nb3 Be8 60. Nd2 Bb5 61. Nb1 Bf1 62. Kh3 Bb5 63. Nc3 Bc6 (63... Ba6 $142 64. Nxe4 Bc8+ 65. Kh2 Bb7) 64. Kh4 Bb7 65. Nb5 Ba6 66. Nd6 Bf1 67. Kh3 Bd3 68. Nc8 Ba6 69. Nb6 Kf5 70. Kh4 Bf1 71. g3 Be2 72. Nd5 Bf3 73. Bc1 Kg6 {White has a decisive advantage.} 74. Ne3 Be2 {[#]} 75. Ba3 $1 Kf6 76. Bd6 Ke6 77. Bc7 Kf6 78. Kh3 Bd3 79. Bd8+ Kg6 80. Kg2 Kf7 81. Kf2 Ke6 82. Nd1 Kf5 83. Ke3 Bc2 84. Nc3 Bd3 85. Bh4 Bc2 86. Nd5 Bd1 87. Ne7+ Ke6 88. Kxe4 Bc2+ 89. Ke3 Bd1 90. Nc6 Kf5 91. Nb4 Bb3 {Precision: White = 78%, Black = 38%.} *

[Event "8th RTU Open 2018"]
[Site "Riga"]
[Date "2018.08.12"]
[Round "9"]
[White "Zakhartsov, Viacheslav V"]
[Black "Pechac, Jergus"]
[Result "1/2-1/2"]
[WhiteElo "2544"]
[BlackElo "2431"]
[Annotator "TA"]
[PlyCount "99"]
[EventDate "2018.08.06"]
[EventType "swiss"]
[EventCountry "LAT"]
[SourceTitle "playchess.com"]
[Source "ChessBase"]
[SourceQuality "1"]

{[%evp 17,99,41,50,43,57,20,56,55,51,0,0,-15,-8,0,-4,-7,-17,-8,-8,-29,0,0,0,0,0,0,0,0,0,0,106,59,63,47,185,185,179,166,219,213,220,143,202,161,193,191,158,143,179,175,191,156,226,241,279,280,257,272,264,254,218,231,175,6,68,0,0,0,0,0,8,45,81,0,0,0,0,0,0,0,0,0,0,0]} 1. d4 Nf6 2. c4 g6 3. Nc3 Bg7 4. e4 O-O 5. Be3 d6 6. f3 c6 7. Qd2 Nbd7 8. Nge2 a6 {E81: King's Indian: Sämisch: 6th move deviations (including 6 Be3 c6)} 9. g4 {[%cal Bg2g4,Bg4g5][%mdl 32]} (9. c5 b5 10. cxb6 Nxb6 11. Nf4 a5 12. Be2 Nfd7 13. O-O Ba6 14. Bxa6 Rxa6 15. Qe2 Qa8 16. Rac1 {1-0 (46) Wojtaszek,R (2750)-Van Wely,L (2695) Wijk aan Zee 2017 CBM 177 [Pavlovic,M]}) 9... b5 {LiveBook: 4 Games} 10. g5 Nh5 {White is slightly better.} 11. Ng3 $1 Nxg3 12. hxg3 Re8 13. f4 $146 (13. Qh2 $14) ({Predecessor:} 13. O-O-O Qa5 14. Kb1 Rb8 15. g4 Nf8 16. Rc1 e5 17. d5 {1-0 (62) Hoi,C (2445)-Manninen,M (2420) Ostersund 1992}) 13... Rb8 14. cxb5 axb5 15. b4 c5 16. dxc5 Nxc5 17. bxc5 b4 18. Bd4 $1 {[%cal Rd4g7]} e5 19. Nb5 {Bb2 is the strong threat.} exd4 20. Nxd6 d3 $1 21. Rc1 $1 (21. Nxe8 Bxa1 22. Nf6+ Bxf6 $17) 21... Bc3 $1 {[%cal Rc3d2]} 22. Rxc3 bxc3 23. Qxc3 Ba6 (23... Rb1+ $11 {keeps the balance.} 24. Kf2 Re7) 24. Kf2 ({But not} 24. Bxd3 $6 Bxd3 25. Qxd3 Qa5+ 26. Qd2 Qxc5 $15) 24... Re7 $1 25. Bg2 $40 {[%mdl 128] White mounts an attack.} Bb7 (25... Ra7 $1 $14) 26. Rd1 $1 $18 {[%cal Bh1d1,Bd1d3,Bd3b3][%mdl 32]} Ra8 27. a3 Qb8 (27... Bc6 $142 28. Rxd3 Qa5) 28. Rxd3 Bc6 29. Qb4 Qa7 (29... Qxb4 $16 30. axb4 Ra2+ 31. Kf3 Rb2) 30. Rb3 Ba4 31. Rc3 Rb8 32. Qd4 Bc6 33. Bf3 Rb2+ {[#]} 34. Ke3 $1 {Black must now prevent Nc8.} Qa8 (34... Qb8 $16 35. e5 Bxf3 36. Kxf3 Rb3) 35. Nc4 Bxe4 36. Bxe4 Rxe4+ 37. Qxe4 Re2+ 38. Kxe2 Qxe4+ {[%mdl 4096] Endgame KQ-KRN} 39. Ne3 {Threatens to win with c6.} Qc6 40. a4 $2 (40. Nc2 $18) 40... Kf8 ({Better is} 40... f6 $11) 41. a5 ({White should try} 41. Rc4 $14) 41... Ke7 $11 42. Rc4 Kd7 43. Kd3 Qb5 44. c6+ Kc7 {[#]} 45. Kd4 (45. a6 $1 $16) 45... Qxa5 {The position is equal.} 46. Nd5+ Kd6 47. Nc3 Kc7 $1 48. Nd5+ Kd6 49. Nc3 Kc7 $1 50. Nd5+ {Precision: White = 61%, Black = 54%.} 1/2-1/2

[Event "8th RTU Open 2018"]
[Site "Riga"]
[Date "2018.08.12"]
[Round "9"]
[White "Lobanov, Sergei"]
[Black "Carlsson, Pontus"]
[Result "1-0"]
[WhiteElo "2531"]
[BlackElo "2442"]
[Annotator "ChessBase"]
[PlyCount "79"]
[EventDate "2018.08.06"]
[EventType "swiss"]
[EventCountry "LAT"]
[SourceTitle "playchess.com"]
[Source "ChessBase"]
[SourceQuality "1"]
[TimeControl "5400+30"]

1. e4 {[%emt 0:00:00]} c5 {[%emt 0:03:59]} 2. Nf3 {[%emt 0:00:00]} d6 {[%emt 0:00:15]} 3. d4 {[%emt 0:00:00]} cxd4 {[%emt 0:00:11]} 4. Nxd4 {[%emt 0:00:00]} Nf6 {[%emt 0:00:08]} 5. Nc3 {[%emt 0:00:00]} g6 {[%emt 0:00:22]} 6. Be3 {[%emt 0:00:22]} Bg7 {[%emt 0:00:06]} 7. f3 {[%emt 0:00:09]} O-O {[%emt 0:00:09]} 8. Qd2 {[%emt 0:00:03]} Nc6 {[%emt 0:00:06]} 9. O-O-O {[%emt 0:00:05]} d5 {[%emt 0:00:37]} 10. exd5 {[%emt 0:00:10]} Nxd5 {[%emt 0:00:21]} 11. Nxc6 {[%emt 0:00:07]} bxc6 {[%emt 0:00:09]} 12. Bd4 {[%emt 0:00:08]} e5 {[%emt 0:04:45]} 13. Bc5 {[%emt 0:00:06]} Be6 {[%emt 0:01:02]} 14. Ne4 {[%emt 0:00:04]} Re8 {[%emt 0:01:58]} 15. h4 {[%emt 0:00:06]} Nf4 {[%emt 0:13:42]} 16. g3 {[%emt 0:00:08]} Qxd2+ {[%emt 0:10:25]} 17. Rxd2 {[%emt 0:00:06]} Nh5 {[%emt 0:02:32]} 18. g4 {[%emt 0:00:19]} Nf4 {[%emt 0:03:57]} 19. h5 {[%emt 0:01:35]} Bd5 {[%emt 0:15:36]} 20. hxg6 {[%emt 0:01:53]} hxg6 {[%emt 0:07:12]} 21. g5 {[%emt 0:12:43]} Ne6 {[%emt 0:22:17]} 22. Be3 {[%emt 0:00:24]} Nd4 {[%emt 0:01:02]} 23. Be2 {[%emt 0:42:10]} Re6 {[%emt 0:07:51]} 24. Bd1 {[%emt 0:01:05]} Nf5 {[%emt 0:02:33]} 25. Bc5 {[%emt 0:02:35]} a5 {[%emt 0:00:40]} 26. Rh3 {[%emt 0:01:11]} a4 {[%emt 0:00:24]} 27. Kb1 {[%emt 0:06:59]} Rb8 {[%emt 0:00:33]} 28. c3 {[%emt 0:01:13]} Ra8 {[%emt 0:00:13]} 29. Bc2 {[%emt 0:01:20]} Rd8 {[%emt 0:00:49]} 30. c4 {[%emt 0:00:12]} Nd4 {[%emt 0:00:25]} 31. cxd5 {[%emt 0:00:33]} cxd5 {[%emt 0:00:16]} 32. Nf6+ {[%emt 0:00:53]} Rxf6 {[%emt 0:00:32]} 33. gxf6 {[%emt 0:00:07]} Bxf6 {[%emt 0:00:14]} 34. Bxd4 {[%emt 0:00:43]} exd4 {[%emt 0:00:05]} 35. Bxa4 {[%emt 0:00:02]} Rb8 {[%emt 0:01:03]} 36. Bc6 {[%emt 0:01:18]} d3 {[%emt 0:00:51]} 37. Bxd5 {[%emt 0:00:21]} Bc3 {[%emt 0:00:11]} 38. Rxd3 {[%emt 0:00:53]} Rxb2+ {[%emt 0:00:09]} 39. Kc1 {[%emt 0:00:03]} Bf6 {[%emt 0:00:13]} 40. Bb3 {[%emt 0:00:02]} 1-0

[Event "8th RTU Open 2018"]
[Site "Riga"]
[Date "2018.08.12"]
[Round "9"]
[White "Repka, Christopher"]
[Black "Gokerkan, Cem Kaan"]
[Result "0-1"]
[WhiteElo "2528"]
[BlackElo "2404"]
[Annotator "ChessBase"]
[PlyCount "108"]
[EventDate "2018.08.06"]
[EventType "swiss"]
[EventCountry "LAT"]
[SourceTitle "playchess.com"]
[Source "ChessBase"]
[SourceQuality "1"]
[TimeControl "5400+30"]

1. d4 {[%emt 0:06:23]} g6 {[%emt 0:00:00]} 2. e4 {[%emt 0:00:38]} Bg7 {[%emt 0:00:00]} 3. c4 {[%emt 0:01:10]} d6 {[%emt 0:00:50]} 4. Nc3 {[%emt 0:00:05]} Nf6 {[%emt 0:05:02]} 5. h3 {[%emt 0:00:04]} O-O {[%emt 0:02:40]} 6. Be3 {[%emt 0:00:04]} c5 {[%emt 0:00:46]} 7. Nf3 {[%emt 0:01:23]} cxd4 {[%emt 0:00:48]} 8. Nxd4 {[%emt 0:00:04]} Nc6 {[%emt 0:00:23]} 9. Be2 {[%emt 0:00:29]} Bd7 {[%emt 0:01:02]} 10. O-O {[%emt 0:02:04]} Nxd4 {[%emt 0:01:00]} 11. Bxd4 {[%emt 0:00:16]} Bc6 {[%emt 0:00:14]} 12. Qd3 {[%emt 0:03:47]} a5 {[%emt 0:02:40]} 13. Nd5 {[%emt 0:16:39]} Nd7 {[%emt 0:03:31]} 14. Bxg7 {[%emt 0:01:38]} Kxg7 {[%emt 0:00:08]} 15. b3 {[%emt 0:00:18]} Kg8 {[%emt 0:04:37]} 16. Rab1 {[%emt 0:08:15]} Re8 {[%emt 0:04:34]} 17. f4 {[%emt 0:03:02]} Nc5 {[%emt 0:02:59]} 18. Qe3 {[%emt 0:14:46]} Nxe4 {[%emt 0:03:14]} 19. f5 {[%emt 0:00:04]} Bxd5 {[%emt 0:13:54]} 20. cxd5 {[%emt 0:04:12]} Nf6 {[%emt 0:04:25]} 21. Rbd1 {[%emt 0:02:22]} Rc8 {[%emt 0:18:04]} 22. Kh2 {[%emt 0:06:55]} Qc7 {[%emt 0:04:34]} 23. Bb5 {[%emt 0:03:21]} Rf8 {[%emt 0:01:38]} 24. Bc4 {[%emt 0:03:59]} Kg7 {[%emt 0:08:23]} 25. Rc1 {[%emt 0:00:07]} Qc5 {[%emt 0:04:03]} 26. Qxe7 {[%emt 0:04:19]} Rc7 {[%emt 0:03:39]} 27. Qe1 {[%emt 0:01:02]} Re8 {[%emt 0:01:12]} 28. Qd2 {[%emt 0:01:58]} Qe3 {[%emt 0:01:48]} 29. Qxa5 {[%emt 0:01:38]} Qe5+ {[%emt 0:01:19]} 30. Kg1 {[%emt 0:00:11]} Qd4+ {[%emt 0:00:59]} 31. Kh1 {[%emt 0:00:55]} Rc5 {[%emt 0:01:21]} 32. Qa4 {[%emt 0:07:20]} Re3 {[%emt 0:01:08]} 33. Rce1 {[%emt 0:01:12]} Rxe1 {[%emt 0:01:44]} 34. Rxe1 {[%emt 0:00:03]} Qc3 {[%emt 0:00:36]} 35. Rf1 {[%emt 0:01:23]} Ra5 {[%emt 0:02:04]} 36. Rf3 {[%emt 0:00:05]} Qe1+ {[%emt 0:00:06]} 37. Rf1 {[%emt 0:00:03]} Qd2 {[%emt 0:01:36]} 38. Rf2 {[%emt 0:00:07]} Qe1+ {[%emt 0:00:34]} 39. Rf1 {[%emt 0:00:03]} Qc3 {[%emt 0:00:04]} 40. Rf3 {[%emt 0:00:11]} Qc1+ {[%emt 0:01:38]} 41. Rf1 {[%emt 0:00:04]} Qd2 {[%emt 0:00:29]} 42. Rf2 {[%emt 0:00:05]} Qc1+ {[%emt 0:00:37]} 43. Rf1 {[%emt 0:00:04]} Rxa4 {[%emt 0:00:29]} 44. Rxc1 {[%emt 0:00:05]} Rxa2 {[%emt 0:00:01]} 45. fxg6 {[%emt 0:00:22]} fxg6 {[%emt 0:00:04]} 46. Re1 {[%emt 0:00:04]} Kf7 {[%emt 0:00:13]} 47. Kh2 {[%emt 0:02:50]} Rb2 {[%emt 0:00:13]} 48. Ra1 {[%emt 0:00:17]} Nd7 {[%emt 0:00:24]} 49. Ra8 {[%emt 0:00:48]} h5 {[%emt 0:01:46]} 50. Rd8 {[%emt 0:03:27]} Ke7 {[%emt 0:00:17]} 51. Rg8 {[%emt 0:00:05]} Ne5 {[%emt 0:00:18]} 52. Rb8 {[%emt 0:00:47]} h4 {[%emt 0:00:56]} 53. Rxb7+ {[%emt 0:00:31]} Kf6 {[%emt 0:00:00]} 54. Rh7 {[%emt 0:00:34]} Nf3+ {[%emt 0:00:07]} 0-1

[Event "8th RTU Open 2018"]
[Site "Riga"]
[Date "2018.08.12"]
[Round "9"]
[White "Annaberdiev, Meilis"]
[Black "Krupenski, Juri"]
[Result "1-0"]
[WhiteElo "2509"]
[BlackElo "2390"]
[Annotator "ChessBase"]
[PlyCount "79"]
[EventDate "2018.08.06"]
[EventType "swiss"]
[EventCountry "LAT"]
[SourceTitle "playchess.com"]
[Source "ChessBase"]
[SourceQuality "1"]
[TimeControl "5400+30"]

1. e4 {[%emt 0:00:00]} c5 {[%emt 0:00:00]} 2. Nf3 {[%emt 0:00:00]} d6 {[%emt 0:00:15]} 3. d4 {[%emt 0:00:00]} cxd4 {[%emt 0:00:04]} 4. Nxd4 {[%emt 0:00:00]} Nf6 {[%emt 0:00:04]} 5. Nc3 {[%emt 0:00:03]} a6 {[%emt 0:00:06]} 6. Nb3 {[%emt 0:00:04]} e6 {[%emt 0:02:18]} 7. g4 {[%emt 0:00:11]} h6 {[%emt 0:06:00]} 8. Bg2 {[%emt 0:00:32]} Nc6 {[%emt 0:00:32]} 9. f4 {[%emt 0:02:06]} Nd7 {[%emt 0:04:46]} 10. h4 {[%emt 0:10:17]} Be7 {[%emt 0:01:54]} 11. g5 {[%emt 0:00:59]} hxg5 {[%emt 0:00:07]} 12. hxg5 {[%emt 0:00:04]} Rxh1+ {[%emt 0:00:05]} 13. Bxh1 {[%emt 0:00:02]} Qb6 {[%emt 0:03:29]} 14. Kf1 {[%emt 0:24:07]} g6 {[%emt 0:01:32]} 15. Qe2 {[%emt 0:05:23]} Qc7 {[%emt 0:01:06]} 16. Bd2 {[%emt 0:13:48]} b6 {[%emt 0:06:10]} 17. Bf3 {[%emt 0:02:06]} Bb7 {[%emt 0:02:28]} 18. Kg2 {[%emt 0:02:38]} O-O-O {[%emt 0:00:37]} 19. Rh1 {[%emt 0:00:04]} Nc5 {[%emt 0:14:19]} 20. Be3 {[%emt 0:00:31]} f6 {[%emt 0:09:08]} 21. Rh7 {[%emt 0:12:27]} fxg5 {[%emt 0:00:46]} 22. Bg4 {[%emt 0:00:08]} Kb8 {[%emt 0:02:27]} 23. fxg5 {[%emt 0:02:34]} d5 {[%emt 0:28:52]} 24. Bxc5 {[%emt 0:04:08]} bxc5 {[%emt 0:00:22]} 25. Nxc5 {[%emt 0:00:12]} Nd4 {[%emt 0:02:24]} 26. Nxa6+ {[%emt 0:08:36]} Bxa6 {[%emt 0:00:04]} 27. Qxa6 {[%emt 0:00:03]} Qf4 {[%emt 0:05:36]} 28. Be2 {[%emt 0:01:54]} Qxg5+ {[%emt 0:01:09]} 29. Kh1 {[%emt 0:00:05]} dxe4 {[%emt 0:02:57]} 30. Nxe4 {[%emt 0:05:43]} Qc1+ {[%emt 0:00:13]} 31. Bf1 {[%emt 0:00:33]} Rf8 {[%emt 0:01:32]} 32. Ng3 {[%emt 0:00:06]} Nf5 {[%emt 0:00:48]} 33. Qb6+ {[%emt 0:00:49]} Ka8 {[%emt 0:00:07]} 34. Kh2 {[%emt 0:01:58]} Ne3 {[%emt 0:00:47]} 35. Bg2+ {[%emt 0:01:01]} Nxg2 {[%emt 0:00:13]} 36. Qa5+ {[%emt 0:00:03]} Kb8 {[%emt 0:00:04]} 37. Qe5+ {[%emt 0:00:05]} Ka8 {[%emt 0:00:15]} 38. Rxe7 {[%emt 0:00:57]} Qh6+ {[%emt 0:01:38]} 39. Kxg2 {[%emt 0:00:18]} Qd2+ {[%emt 0:00:16]} 40. Qe2 {[%emt 0:00:12]} 1-0

[Event "8th RTU Open 2018"]
[Site "Riga"]
[Date "2018.08.12"]
[Round "9"]
[White "Anurag, Mhamal"]
[Black "Zatonskih, Anna"]
[Result "1-0"]
[WhiteElo "2484"]
[BlackElo "2431"]
[Annotator "RC"]
[PlyCount "75"]
[EventDate "2018.08.06"]
[EventType "swiss"]
[EventCountry "LAT"]
[SourceTitle "playchess.com"]
[Source "ChessBase"]
[SourceQuality "1"]
[TimeControl "5400+30"]

1. c4 {[%emt 0:02:26]} Nf6 {[%emt 0:00:17]} 2. g3 {[%emt 0:00:12]} e6 {[%emt 0:00:14]} 3. Bg2 {[%emt 0:00:39]} d5 {[%emt 0:00:11]} 4. d4 {[%emt 0:03:45]} dxc4 {[%emt 0:05:13]} 5. Nf3 {[%emt 0:00:05]} Bb4+ {[%emt 0:00:16]} 6. Bd2 {[%emt 0:00:09]} c5 {[%emt 0:01:57]} 7. Bxb4 {[%emt 0:16:45]} cxb4 {[%emt 0:01:26]} 8. a3 {[%emt 0:00:04]} O-O {[%emt 0:29:38]} 9. axb4 {[%emt 0:01:07]} Nd5 {[%emt 0:00:44]} 10. b5 {[%emt 0:07:49]} Bd7 {[%emt 0:02:33]} 11. Na3 {[%emt 0:04:46]} a6 {[%emt 0:09:52]} 12. Nxc4 {[%emt 0:00:41]} Bxb5 {[%emt 0:00:20]} 13. b3 {[%emt 0:00:44]} Nc6 {[%emt 0:00:59]} 14. Qd2 {[%emt 0:00:52]} a5 {[%emt 0:00:40]} 15. O-O {[%emt 0:00:51]} Ndb4 {[%emt 0:07:35]} 16. Rfc1 {[%emt 0:01:30]} a4 {[%emt 0:03:40]} 17. Na3 {[%emt 0:06:18]} Qb6 {[%emt 0:02:18]} 18. Nxb5 {[%emt 0:02:27]} Qxb5 {[%emt 0:00:12]} 19. Rc5 {[%emt 0:01:06]} Qb6 {[%emt 0:03:53]} 20. bxa4 {[%emt 0:06:19]} Rfd8 {[%emt 0:00:34]} 21. Rb5 {[%emt 0:00:52]} Qxb5 {[%emt 0:10:58]} 22. axb5 {[%emt 0:00:08]} Rxa1+ {[%emt 0:00:05]} 23. Bf1 {[%emt 0:00:03]} Ra2 {[%emt 0:07:20]} 24. Qc3 {[%emt 0:00:37]} Nd5 {[%emt 0:02:07]} 25. Qb3 {[%emt 0:00:16]} Ncb4 {[%emt 0:00:44]} 26. e4 {[%emt 0:00:10]} Rda8 {[%emt 0:00:40]} 27. exd5 {[%emt 0:00:55]} Nxd5 {[%emt 0:00:20]} 28. Ne5 {[%emt 0:08:35]} Ra1 {[%emt 0:01:42]} 29. Qf3 {[%emt 0:00:29]} f6 {[%emt 0:00:22]} 30. Qg4 {[%emt 0:01:24]} Re8 {[%emt 0:01:40]} 31. Nc4 {[%emt 0:01:19]} g6 {[%emt 0:00:39]} 32. Nd6 {[%emt 0:02:56]} Re7 {[%emt 0:00:26]} 33. Nxb7 {[%emt 0:00:16]} f5 {[%emt 0:01:23]} 34. Qe2 {[%emt 0:00:06]} f4 {[%emt 0:00:40]} 35. Nd8 {[%emt 0:00:45]} fxg3 {[%emt 0:02:23]} 36. hxg3 {[%emt 0:00:06]} Re8 {[%emt 0:00:54]} 37. Nxe6 {[%emt 0:00:24]} Nc7 {[%emt 0:00:40]} 38. d5 {[%emt 0:00:04]} 1-0

[Event "8th RTU Open 2018"]
[Site "Riga"]
[Date "2018.08.12"]
[Round "9"]
[White "Laurusas, Tomas"]
[Black "Ruiz Castillo, Joshua Daniel"]
[Result "1-0"]
[WhiteElo "2463"]
[BlackElo "2415"]
[Annotator "ChessBase"]
[PlyCount "71"]
[EventDate "2018.08.06"]
[EventType "swiss"]
[EventCountry "LAT"]
[SourceTitle "playchess.com"]
[Source "ChessBase"]
[SourceQuality "1"]
[TimeControl "5400+30"]

1. d4 {[%emt 0:04:55]} Nf6 {[%emt 0:00:00]} 2. c4 {[%emt 0:00:05]} e6 {[%emt 0:00:00]} 3. Nf3 {[%emt 0:00:08]} b6 {[%emt 0:00:00]} 4. g3 {[%emt 0:00:05]} Ba6 {[%emt 0:00:00]} 5. b3 {[%emt 0:00:04]} Bb4+ {[%emt 0:00:00]} 6. Bd2 {[%emt 0:00:05]} Be7 {[%emt 0:00:07]} 7. Bg2 {[%emt 0:00:10]} O-O {[%emt 0:00:13]} 8. Nc3 {[%emt 0:00:09]} c6 {[%emt 0:00:16]} 9. d5 {[%emt 0:15:52]} exd5 {[%emt 0:00:07]} 10. cxd5 {[%emt 0:00:05]} cxd5 {[%emt 0:00:07]} 11. O-O {[%emt 0:00:16]} Nc6 {[%emt 0:00:28]} 12. a4 {[%emt 0:06:27]} Re8 {[%emt 0:01:17]} 13. Bf4 {[%emt 0:08:04]} Bc5 {[%emt 0:13:41]} 14. Nb5 {[%emt 0:12:17]} d6 {[%emt 0:04:11]} 15. Bg5 {[%emt 0:08:09]} Nb4 {[%emt 0:05:50]} 16. Ne1 {[%emt 0:04:30]} h6 {[%emt 0:11:31]} 17. Bxf6 {[%emt 0:00:24]} Qxf6 {[%emt 0:00:06]} 18. Nd3 {[%emt 0:00:42]} Bxb5 {[%emt 0:05:44]} 19. axb5 {[%emt 0:00:09]} a5 {[%emt 0:00:03]} 20. bxa6 {[%emt 0:00:45]} Rxa6 {[%emt 0:00:07]} 21. Rxa6 {[%emt 0:00:25]} Nxa6 {[%emt 0:00:02]} 22. b4 {[%emt 0:00:38]} Bd4 {[%emt 0:01:25]} 23. e3 {[%emt 0:09:32]} Bc3 {[%emt 0:00:04]} 24. Qa4 {[%emt 0:00:28]} Nc7 {[%emt 0:00:02]} 25. Qc6 {[%emt 0:07:01]} Re7 {[%emt 0:00:30]} 26. Qxb6 {[%emt 0:00:09]} d4 {[%emt 0:00:13]} 27. e4 {[%emt 0:00:04]} Qe6 {[%emt 0:00:21]} 28. Qb8+ {[%emt 0:03:29]} Kh7 {[%emt 0:01:01]} 29. b5 {[%emt 0:01:15]} Qc4 {[%emt 0:02:13]} 30. b6 {[%emt 0:02:40]} Na6 {[%emt 0:05:19]} 31. Qd8 {[%emt 0:00:05]} Qe6 {[%emt 0:01:10]} 32. Qa8 {[%emt 0:03:29]} Qc4 {[%emt 0:00:54]} 33. e5 {[%emt 0:00:23]} dxe5 {[%emt 0:00:01]} 34. b7 {[%emt 0:03:48]} g6 {[%emt 0:00:50]} 35. Qd8 {[%emt 0:03:16]} Qe6 {[%emt 0:04:09]} 36. Nc5 {[%emt 0:00:16]} 1-0

[Event "8th RTU Open 2018"]
[Site "Riga"]
[Date "2018.08.12"]
[Round "9"]
[White "Gorodetzky, David"]
[Black "Gorbatov, Alexej"]
[Result "1-0"]
[WhiteElo "2451"]
[BlackElo "2389"]
[Annotator "TA"]
[PlyCount "65"]
[EventDate "2018.08.06"]
[EventType "swiss"]
[EventCountry "LAT"]
[SourceTitle "playchess.com"]
[Source "ChessBase"]
[SourceQuality "1"]

{[%evp 14,65,16,7,12,0,16,12,4,11,30,4,34,43,48,50,75,21,18,0,0,0,9,9,8,6,68,71,82,21,112,53,238,229,231,228,297,286,288,282,458,461,611,604,572,366,350,345,2881,2558,29981,29982,29998,29999]} 1. d4 e6 2. Nf3 c5 3. e3 Nf6 4. c4 a6 5. a3 d5 6. cxd5 {D30: Damengambit (ohne Sc3)} (6. Nc3 dxc4 7. Bxc4 b5 8. Ba2 Bb7 9. O-O Be7 10. Qe2 Nbd7 11. Rd1 Qc7 12. Bd2 O-O 13. Rac1 Rac8 14. h3 Qb8 15. Be1 cxd4 16. Nxd4 Kh8 17. Bb1 {1-0 (31) Ernst,S (2535)-Bok,B (2613) playchess.com INT 2016}) 6... exd5 7. dxc5 Bxc5 8. b4 {LiveBook: 3 Partien. Die Stellung ist ausgeglichen.} Bb6 9. Bb2 Nc6 10. Be2 O-O 11. O-O Bg4 $146 12. Nbd2 Bc7 13. Qb3 Qd6 14. Rfd1 Rad8 15. Nf1 (15. Rac1 $16) 15... Ne4 $11 16. Ng3 Qh6 17. Rac1 Bb6 18. Nd4 $36 {[%mdl 2048] Schwarz steht unter Druck.} Bxe2 19. Ndxe2 Qg5 (19... Nxg3 $11 20. Nxg3 (20. hxg3 Rfe8 $14) 20... Qg5) 20. Nxe4 $14 dxe4 21. Ng3 ({Besser ist} 21. Qc2 $16) 21... Qg4 (21... Bc7 $1 $11 {bleibt in der Remisbreite.}) 22. Qc2 (22. h3 $16 Qg6 23. Ne2) 22... f5 $2 {[#]} (22... Rfe8 $14) 23. Qb3+ $18 Rf7 24. Rxd8+ Nxd8 25. h3 Qg6 26. Rc8 f4 $2 (26... Qd6 {war einen Versuch wert.} 27. Nxf5 Qd7) 27. exf4 e3 28. fxe3 Qxg3 29. Bd4 Qg6 30. Qd5 Bc7 $2 (30... Qd3 31. Kh2 (31. Rxd8+ Bxd8 32. Qxd8+ Rf8 $18) 31... h6) 31. Rxc7 {Beabsichtigt Tc8 und Matt.} Ne6 32. Rc8+ Nf8 {[#]} 33. Rxf8+ $1 {Precision: Weiß = 70%, Schwarz = 20%.} 1-0